000 00473cam a22002051 4500
001 sa 64002193
003 DLC
005 20260227112008.0
008 890703s1962 ii 000 0 malo
010 _asa 64002193
035 _a(OCoLC)19958746
040 _aDLC
_cWaU
_dDLC
042 _apremarc
050 0 0 _aPL4718.9.M6
_bD4
100 0 _aMoidu Padiyath,
_d1931-
245 1 0 _aDēvata.
260 _c[1962]
300 _a160 p.
_c19 cm.
500 _aIn Malayalam.
999 _c57218
_d57218